Central Library OPAC University of Rajshahi

Comparative Nutritional Studies of Guava at Different Maturity Stages and Purification, Characterization of Amylase and Polyphenol Oxidase from Guava (Psidium Guajava Linn.) / (Record no. 83591)

MARC details
000 -LEADER
fixed length control field 01164nam a2200253 a 4500
001 - CONTROL NUMBER
RUCL Control Number 83591
003 - CONTROL NUMBER IDENTIFIER
rucl marc code BD-RjUL
005 - DATE AND TIME OF LATEST TRANSACTION
control field 20240425115141.0
008 - FIXED-LENGTH DATA ELEMENTS--GENERAL INFORMATION
fixed length control field 240425s2010 bg a|||| m||| 00| 0 eng d
035 ## - SYSTEM CONTROL NUMBER
system control number (BD-RjUL)83591
040 ## - CATALOGING SOURCE
Original cataloging agency BD-RjUL
Language of cataloging eng
Transcribing agency BD-RjUL
Modifying agency BD-RjUL
041 ## - LANGUAGE CODE
Language code of Book eng
082 ## - DEWEY DECIMAL CLASSIFICATION NUMBER
DDC Edition number 23
Classification number 572.5
Author mark and Year 2010 AKC
100 ## - MAIN ENTRY--PERSONAL NAME
Personal name Akand, A. S. M. Aynul Haque
9 (RLIN) 12727
245 10 - TITLE STATEMENT
Title Comparative Nutritional Studies of Guava at Different Maturity Stages and Purification, Characterization of Amylase and Polyphenol Oxidase from Guava (Psidium Guajava Linn.) /
Statement of responsibility, etc By A. S. M. Aynul Haque Akand ;
Name of Supervisor/Co-Supervisor Supervisor : Md. Tofazzal Hossain, Supervisor : Md. Belal Uddin
260 ## - PUBLICATION, DISTRIBUTION, ETC. (IMPRINT)
Place of publication, distribution, etc Rajshahi :
Name of publisher, distributor, etc Department of Biochemistry and Molecular Biology, University of Rajshahi,
Date of publication, distribution, etc 2010
300 ## - PHYSICAL DESCRIPTION
Pagination [17], 138 Leaves :
Other physical details ill, ;
Dimensions 29 cm.
502 ## - DISSERTATION NOTE
Dissertation note Thesis (Ph. D.) -- Department of Biochemistry and Molecular Biology, University of Rajshahi, 2010
504 ## - BIBLIOGRAPHY, ETC. NOTE
Bibliography, etc References : Leaves 130-138
650 ## - SUBJECT ADDED ENTRY--TOPICAL TERM
Topical term or geographic name as entry element Biochemistry
Form subdivision Miscellaneous Chemicals
9 (RLIN) 12725
700 ## - ADDED ENTRY--SUPERVISOR/CO-SUPERVISOR NAME
Personal name Hossain, Md. Tofazzal, Supervisor
9 (RLIN) 12728
Personal name Uddin, Md. Belal, Supervisor
9 (RLIN) 12729
942 ## - ADDED ENTRY ELEMENTS (KOHA)
Source of classification or shelving scheme Dewey Decimal Classification
Koha item type Theses
Holdings
Source of classification or shelving scheme Damaged status Not for loan Collection code Permanent Location Current Location Shelving location Date of accession Source of acquisition Total Checkouts Full call number Barcode Date last seen Copy number Thesis
Dewey Decimal Classification   Not For Loan Theses Central Library, University of Rajshahi Central Library, University of Rajshahi Documentation Section 24/05/2011 Controller of Exam. R. U.   THE 572.5 2010 AKC D3181 25/04/2024 C-I Theses